[Event "Hochsauerland-ch U14"]
[Site "Foeckinghausen"]
[Date "2003.01.05"]
[Round "5"]
[White "Rischen, Steffen"]
[Black "Schneider, Eugen"]
[Result "0-1"]
[WhiteElo "974"]
[BlackElo "1141"]
[PlyCount "96"]
[EventDate "2003.01.??"]
[EventType "swiss"]
[EventRounds "5"]
[EventCountry "GER"]
[SourceTitle "EXT 2005"]
[Source "ChessBase"]
[SourceDate "2004.11.15"]
[SourceVersion "1"]
[SourceVersionDate "2004.11.15"]
[SourceQuality "1"]

1. d4 Nc6 2. e4 e5 3. Be3 exd4 4. Bxd4 Nxd4 5. Qxd4 c5 6. Qe5+ Qe7 7. Qf4 g5 8. Qe3 Bg7 9. c3 b6 10. Nd2 Bh6 11. Qe2 d6 12. f3 Bb7 13. Qb5+ Qd7 14. a4 Bc6 15. Qe2 Ne7 16. b4 cxb4 17. cxb4 a5 18. b5 Bb7 19. Rc1 Rc8 20. Nb3 0-0 21. g3 g4 22. Rxc8 gxf3 23. Qxf3 Rxc8 24. Qe2 d5 25. Bg2 dxe4 26. Bxe4 Bxe4 27. Qxe4 Qd5 28. Qf3 Rc4 29. Nd2 Rxa4 30. Nb1 Ra1 31. Kf2 Rxb1 32. Qxd5 Nxd5 33. h4 a4 34. Kg2 a3 35. Nh3 Rxh1 36. Kxh1 a2 37. Kg2 a1Q 38. Nf2 Nc3 39. Nd3 Nxb5 40. Nb4 Nd6 41. Nd5 b5 42. Kh3 Qd1 43. Nc3 Qd3 44. Na2 Qb1 45. Nc3 Qb3 46. Ne4 Nxe4 47. Kg4 Kg7 48. Kh3 Qxg3# 0-1

[Event "Hochsauerland-ch U14"]
[Site "Foeckinghausen"]
[Date "2003.01.04"]
[Round "2"]
[White "Schneider, Eugen"]
[Black "Rischen, Sarah"]
[Result "1-0"]
[WhiteElo "1141"]
[BlackElo "972"]
[PlyCount "71"]
[EventDate "2003.01.??"]
[EventType "swiss"]
[EventRounds "5"]
[EventCountry "GER"]
[SourceTitle "EXT 2005"]
[Source "ChessBase"]
[SourceDate "2004.11.15"]
[SourceVersion "1"]
[SourceVersionDate "2004.11.15"]
[SourceQuality "1"]

1. e4 e5 2. Nf3 Nc6 3. Bb5 Nf6 4. Nc3 Bb4 5. d4 d6 6. b3 Bxc3+ 7. Bd2 Bxa1 8. Qxa1 Nxe4 9. 0-0 Bg4 10. Bxc6+ bxc6 11. Re1 f5 12. dxe5 d5 13. h3 Bxf3 14. gxf3 Nxd2 15. Qc3 Ne4 16. fxe4 fxe4 17. f3 exf3 18. Qxf3 Qh4 19. Re2 Rf8 20. Qe3 0-0-0 21. e6 Rf5 22. e7 Re8 23. Qe6+ Kb7 24. Qxf5 Qd4+ 25. Kf1 Qa1+ 26. Re1 Qxa2 27. Qf7 Rb8 28. e8Q Rxe8 29. Rxe8 Qxc2 30. Qd7 Qxb3 31. Re7 Qb6 32. Rxg7 h6 33. h4 a5 34. Rg8 a4 35. Qd8 a3 36. Qa8# 1-0

[Event "Hochsauerland-ch U14"]
[Site "Foeckinghausen"]
[Date "2003.01.04"]
[Round "3"]
[White "Te Pahs, Lukas"]
[Black "Schneider, Eugen"]
[Result "1-0"]
[WhiteElo "1151"]
[BlackElo "1141"]
[PlyCount "125"]
[EventDate "2003.01.??"]
[EventType "swiss"]
[EventRounds "5"]
[EventCountry "GER"]
[SourceTitle "EXT 2005"]
[Source "ChessBase"]
[SourceDate "2004.11.15"]
[SourceVersion "1"]
[SourceVersionDate "2004.11.15"]
[SourceQuality "1"]

1. e4 e5 2. Nf3 Nc6 3. Nc3 Nf6 4. Bb5 Bb4 5. Bxc6 Bxc3 6. Bxd7+ Bxd7 7. dxc3 Bg4 8. Qxd8+ Rxd8 9. Nxe5 Bf5 10. 0-0 Bxe4 11. f3 Rd5 12. Ng4 Bxc2 13. Bg5 Rxg5 14. Rfe1+ Kd8 15. Re2 Bf5 16. Rd1+ Kc8 17. Rde1 Bd3 18. Re3 Nxg4 19. Re8+ Rxe8 20. Rxe8+ Kd7 21. Re1 Re5 22. Rd1 Ne3 23. Rxd3+ Kc8 24. Kf2 Nc4 25. Rd4 Nxb2 26. f4 Rb5 27. c4 c5 28. Rd5 Rb4 29. Rxc5+ Kb8 30. a3 b6 31. Rd5 Rxc4 32. Rd8+ Rc8 33. Rd2 Nc4 34. Rd3 b5 35. g4 Rc6 36. h4 Ra6 37. Rb3 Ra5 38. h5 Nxa3 39. h6 gxh6 40. Kg3 Nc4 41. Kh4 Ra3 42. Rxb5+ Ka8 43. Kh5 Ra6 44. Rc5 Ne3 45. g5 hxg5 46. fxg5 Rb6 47. Rc8+ Kb7 48. Rf8 a5 49. Rxf7+ Ka6 50. Rxh7 a4 51. g6 a3 52. g7 a2 53. g8Q a1Q 54. Qa8+ Kb5 55. Qxa1 Ra6 56. Rb7+ Kc6 57. Qxa6+ Kd5 58. Re7 Nf5 59. Qe6+ Kc5 60. Qxf5+ Kd6 61. Re6+ Kd7 62. Qf7+ Kd8 63. Re8# 1-0